000 00535nam a2200205Ia 4500
005 20250508154847.0
008 008 250505s9999 xx 000 0 hin d
037 _aTextBook
040 _aFEDL
_beng
_cFEDL
041 _ahin
_2eng
084 _a370.3, JAY
_qFEDL
100 _aJayswal Sita Ram
_9412035
245 0 _aShiksha vigyan kosh
260 _aDelhi, India
_bRajkamal Parkashan
_c1967
300 _a435p
365 _aINR
_b16
650 _aEducation
942 _cTB
_h370.3, JAY
999 _c1352488
_d1352488